| 000 | 00945cam a2200289 a 4500 | ||
|---|---|---|---|
| 001 | 14995551 | ||
| 003 | ARRUPE | ||
| 005 | 20160420150350.0 | ||
| 008 | 070906s2007 nyua 001 0 eng | ||
| 010 | _a 2007936791 | ||
| 020 | _a9780873489881 (alk. paper) | ||
| 040 |
_aDLC _cDLC _dDLC |
||
| 043 | _af-uv--- | ||
| 050 | 0 | 0 |
_aHQ1236.5.B92 _bS26 2007 |
| 100 | 1 |
_aSankara, Thomas. _923850 |
|
| 245 | 1 | 0 |
_aWomen's liberation and the African freedom struggle / _cThomas Sankara. |
| 250 | _a2nd ed. | ||
| 260 |
_aNew York, NY : _bPathfinder Press, _c2007. |
||
| 300 |
_a69 p. : _bill. ; _c22 cm. |
||
| 500 | _aIncludes index. | ||
| 650 | 0 |
_aWomen's rights _zBurkina Faso. _923950 |
|
| 651 | 0 |
_aBurkina Faso _xSocial conditions. _923951 |
|
| 651 | 0 |
_aBurkina Faso _xPolitics and government. _923952 |
|
| 906 |
_a7 _bcbc _corignew _d2 _eepcn _f20 _gy-gencatlg |
||
| 942 |
_2lcc _cMONOGRAPH |
||
| 999 |
_c124657 _d124657 |
||